Физические исследования в скромной обстановке: [оттиск статьи]

Podrobná bibliografie
Hlavní autor: Вейнберг Б. П. Борис Петрович
Shrnutí:Текст в русской дореформенной орфографии
Jazyk:ruština
Vydáno: Санкт-Петербург, 1908
Edice:Физическое обозрение
Témata:
Médium: MixedMaterials Kniha
KOHA link:https://koha.lib.tpu.ru/cgi-bin/koha/opac-detail.pl?biblionumber=350058

MARC

LEADER 00000nam0a2200000 4500
001 350058
005 20231102010250.0
035 |a (RuTPU)RU\TPU\retro\3547 
090 |a 350058 
100 |a 20181112d1908 k y0rusy50 ca 
101 0 |a rus 
102 |a RU 
105 |a y z 001zy 
200 1 |a Физические исследования в скромной обстановке  |e [оттиск статьи]  |f Б. П. Вейнберг 
210 |a Санкт-Петербург  |d 1908 
215 |a 5 с. 
225 1 |a Физическое обозрение  |e Т. 9 
300 |a Текст в русской дореформенной орфографии 
606 1 |a Физика  |x Демонстрационные опыты  |2 stltpush  |3 (RuTPU)RU\TPU\subj\42261  |9 61948 
610 1 |a труды учёных ТПУ 
610 1 |a коллекция ТПУ 
610 1 |a физические опыты 
610 1 |a поверхностное натяжение 
610 1 |a внутреннее трение 
610 1 |a опыт Плато 
675 |a 53.05  |v 3 
700 1 |a Вейнберг  |b Б. П.  |c российский геофизик  |c профессор Томского технологического института (1909-1924)  |f 1871-1942  |g Борис Петрович  |x TPU  |2 stltpush  |3 (RuTPU)RU\TPU\pers\5705 
801 1 |a RU  |b 63413507  |c 20181112 
801 2 |a RU  |b 63413507  |c 20191127  |g RCR 
942 |c BK